00891 a2200169 4500003000500000005001700005020001500022040000900037082001200046100002200058245008900080250001700169260003300186300001000219505047400229650001800703Nust20230704120734.0 a8120321219 cNust a511,GOO aG.Goodaire, Edgar aDiscrete Mathematics :bwith Graph Theory /cEdgar G.Goodaire, Michael M. Parmenter  a2nd Edition  aPrentice Hall bIndia c2003 a545 p aYes , there are proofs (Page-1), Sets and Relations (Page-37), Functions (Page-71), The Integers (Page-97), Induction and Recursion (Page-149), Principles of Counting (Page-187), Permuatation and Combinations (Page-211), Algorithms (Page-239), Graphs (Page-277), Paths and Cicuits (Page-303), Applications of Paths and circuits (Page-337), Trees (Page-367), Depth First search and applications (Page-399), Planar Graphs and Coloring (Page-413), The Max Flow (Page-441). aGraph Theory